[Event "Rutas de Cuenca op 6th"]
[Site "Cuenca"]
[Date "2019.07.20"]
[Round "5"]
[White "Ponce Moratalla, David"]
[Black "Martin Sanchez, Javier"]
[Result "1/2-1/2"]
[WhiteElo "1636"]
[BlackElo "1460"]
[PlyCount "131"]
[EventDate "2019.07.19"]
[EventType "swiss"]
[EventRounds "7"]
[EventCountry "ESP"]
[SourceTitle "CBM 195 Extra"]
[Source "ChessBase"]
[SourceDate "2020.05.31"]
[SourceVersion "1"]
[SourceVersionDate "2020.05.31"]
[SourceQuality "1"]

1. e4 c5 2. Nf3 Nc6 3. d4 cxd4 4. Nxd4 Nf6 5. Nc3 d6 6. Be2 g6 7. 0-0 Bg7 8. Be3 0-0 9. Nf3 a6 10. a4 Bd7 11. h3 Rc8 12. Qd2 Qc7 13. Bh6 Na5 14. Bxg7 Kxg7 15. Ra3 Nc4 16. Bxc4 Qxc4 17. e5 dxe5 18. Nxe5 Qc7 19. Nxd7 Qxd7 20. Qe2 Rfd8 21. Rd1 Qc7 22. Rb3 Rxd1+ 23. Qxd1 Rd8 24. Qf3 Rd2 25. Rxb7 Qc5 26. Qe3 Qxe3 27. fxe3 Rxc2 28. a5 Ne8 29. Rxe7 Nd6 30. Rc7 Nf5 31. e4 Ne3 32. e5 Rxg2+ 33. Kh1 Kf8 34. Rc8+ Ke7 35. Nd5+ Ke6 36. Nxe3 Rxb2 37. Rc6+ Kxe5 38. Rxa6 Kf4 39. Nf1 f5 40. Rb6 Ra2 41. a6 Ra3 42. Rb4+ Kg5 43. Rb6 Rxh3+ 44. Kg2 Ra3 45. Nh2 Ra2+ 46. Kg3 f4+ 47. Kh3 Ra3+ 48. Kg2 Ra2+ 49. Kg1 Ra1+ 50. Nf1 Kg4 51. Kf2 Ra2+ 52. Kg1 Ra1 53. Rd6 g5 54. Kf2 h5 55. Ke2 h4 56. Nd2 h3 57. Rh6 h2 58. Rxh2 Rxa6 59. Rg2+ Kf5 60. Kf2 g4 61. Rg1 g3+ 62. Rxg3 fxg3+ 63. Kxg3 Ra3+ 64. Kf2 Kf4 65. Ke1 Ra1+ 66. Ke2 1/2-1/2